000 01250cam a2200253 4500
008 021111n2002 000 0 eng u
020 _a0406964238
035 _a(Sirsi) u120406
050 _a725.54
_c18
100 _aWaterman, Ian
245 _aDisabled access to facilities : a practical and comprehensive guide to a service provider's duties under Part III (2004) of the Disability Discrimination Act 1995
260 _aCroydon
_bButterworth-Tolley
_c2002
350 _a89
490 _aFM Law Series
520 _aProvides a guide for service providers to the requirements of the Disability Discrimination Act 1995 considering the wider picture of access for people with disabilities, the legal framework, Part III of the Act, best practice guidance currently available, practical design solutions and access audit strategies. Includes three case studies.
650 _aDISABILITY DISCRIMINATION ACT 1995
650 _aDISABILITY DISCRIMINATION ACT 1995 PART III
650 _aMANAGEMENT-BUSINESS MANAGEMENT-DISCRIMINATION-DISABILITY DISCRIMINATION-ACCESSIBILITY
650 _aPEOPLE WITH DISABILITIES
650 _aSERVICE PROVIDERS
690 _aBUILT ENVIRONMENT-CONSTRUCTION DESIGN
700 _aBell, Janet
942 _n0
999 _c102518
_d102518